| 000 | 00382cam a22001097a 4500 | ||
|---|---|---|---|
| 008 | 180718b1978 xxu||||| |||| 00| 0 eng d | ||
| 082 | _aP62x54 In2w c.2 | ||
| 245 |
_aReport of working Group on Technical education _cby Ministry of Education and Social Welfare |
||
| 260 |
_aNew Delhi _bShastri Bhawan _c1978 |
||
| 300 | _a134p. | ||
| 700 | _aIndia.Ministry of Education and Social Welfare | ||
| 999 |
_c494577 _d494577 |
||